Countries Closest to Moscow - Statistics

General Stats
  • This quiz has been taken 25 times
  • The average score is 18 of 20
Answer Stats
km Country mi % Correct
400 Belarus 248
100%
680 Lithuania 423
100%
0 Russia 0
100%
641 Estonia 398
95%
778 Finland 483
95%
585 Latvia 364
95%
930 Poland 578
95%
1,149 Sweden 714
95%
451 Ukraine 280
95%
1,476 Bulgaria 917
91%
1,428 Czech Republic 887
91%
1,366 Georgia 849
91%
1,509 Germany 938
91%
1,325 Hungary 823
91%
885 Kazakhstan 550
86%
1,039 Moldova 646
86%
1,112 Romania 691
86%
1,257 Slovakia 781
86%
1,531 Turkey 951
86%
1,412 Denmark 878
64%
No matching quizzes found
Score Distribution
Percent of People with Each Score
Percentile by Number Answered
Your Score History
You have not taken this quiz